Southville International School and Colleges
Your cart is empty.
  • Cart
  • Lists
    Public lists list_1 View all
    Your lists Log in to create your own lists
  • Log in to your account
  • Your cookies
  • Search history
Southville International School and Colleges
  • Advanced search
  • Recent comments
  • Most popular
  • Libraries

Log in to your account

Log in with GOOGLE


If you do not have an external account, but do have a local account, you can still log in:

  1. Home
  2. MARC view: Sounder /
Normal view MARC view ISBD view

Sounder / (Record no. 34288)

[ view plain ]
MARC details
000 -LEADER
fixed length control field 00879cam a2200301 4500
001 - CONTROL NUMBER
control field 1245737
003 - CONTROL NUMBER IDENTIFIER
control field Ost
005 - DATE AND TIME OF LATEST TRANSACTION
control field 20140310184424.0
008 - FIXED-LENGTH DATA ELEMENTS--GENERAL INFORMATION
fixed length control field 730116s1971 enka j 000 1 eng
010 ## - LIBRARY OF CONGRESS CONTROL NUMBER
LC control number 72169704
015 ## - NATIONAL BIBLIOGRAPHY NUMBER
National bibliography number B71-06998
020 ## - INTERNATIONAL STANDARD BOOK NUMBER
International Standard Book Number 9780439217873
040 ## - CATALOGING SOURCE
Original cataloging agency DLC
Transcribing agency DLC
Modifying agency DLC
050 10 - LIBRARY OF CONGRESS CALL NUMBER
Classification number PZ 7
Item number .Ar73394So 1969
100 1# - MAIN ENTRY--PERSONAL NAME
Personal name Armstrong, William Howard,
Dates associated with a name 1914-
9 (RLIN) 26860
245 10 - TITLE STATEMENT
Title Sounder /
Statement of responsibility, etc William H. Armstrong; illustrations by James Barkley.
260 ## - PUBLICATION, DISTRIBUTION, ETC. (IMPRINT)
Place of publication, distribution, etc London,
Name of publisher, distributor, etc Gollancz,
Date of publication, distribution, etc 1969.
300 ## - PHYSICAL DESCRIPTION
Extent [10], 116 p.
Other physical details illus.
Dimensions 19 cm.
350 ## - PRICE (NR) (BK AM CF MU VM SE) [OBSOLETE]
Price £1.10
520 ## - SUMMARY, ETC.
Summary, etc Provides activities and discussion for a group of students who all read the same book.
521 ## - TARGET AUDIENCE NOTE
Target audience note
526 ## - STUDY PROGRAM INFORMATION NOTE
Reading level 900
562 ## - COPY AND VERSION IDENTIFICATION NOTE
Number of copies 1
650 ## - SUBJECT ADDED ENTRY--TOPICAL TERM
Topical term or geographic name as entry element Sounder.
9 (RLIN) 26861
906 ## - LOCAL DATA ELEMENT F, LDF (RLIN)
a 7
b cbc
c orignew
d 3
e ncip
f 19
g y-gencatlg
942 ## - ADDED ENTRY ELEMENTS (KOHA)
Source of classification or shelving scheme Library of Congress Classification
Koha item type
Holdings
Withdrawn status Lost status Source of classification or shelving scheme Damaged status Home library Current library Shelving location Date acquired Total Checkouts Full call number Barcode Date last seen Copy number Price effective from Koha item type
    Library of Congress Classification   Luxembourg Library Luxembourg Library Scholastic Reading Center Section 10/09/2013   PZ 7 .Ar73394So 1969 LEX0380 04/18/2017 1 10/09/2013 Books

Sounder /

APA

Armstrong W. H., . (1969). Sounder. London: Gollancz.

Chicago

Armstrong William Howard, . 1969. Sounder. London: Gollancz.

Harvard

Armstrong W. H., . (1969). Sounder. London: Gollancz.

MLA

Armstrong William Howard, . Sounder. London: Gollancz. 1969.

  • Place hold
  • Print
  • Cite
  • Add to your cart (remove)
  • Save record
    BIBTEX Dublin Core MARCXML MARC (non-Unicode/MARC-8) MARC (Unicode/UTF-8) MARC (Unicode/UTF-8, Standard) MODS (XML) RIS
  • More searches
    Search for this title in:
    Other Libraries (WorldCat) Other Databases (Google Scholar) Online Stores (Bookfinder.com) Open Library (openlibrary.org)

Exporting to Dublin Core...

SOUTHVILLE LIBRARY

Southville International School and Colleges Library

1281 Tropical Ave. Cor. Luxembourg St., BF Homes International, Las Pinas City

Tel. No. 8256374 / 252358 Loc. 117/146

Powered by Koha